Eastern Utah Libraries Catalog: Duchesne, Heber, Roosevelt, & Vernal

Tomorrow, and tomorrow, and tomorrow / (Record no. 375498)

MARC details
000 -LEADER
fixed length control field 01747cam a2200361 i 4500
001 - CONTROL NUMBER
control field BK0028923090
003 - CONTROL NUMBER IDENTIFIER
control field DLC
005 - DATE AND TIME OF LATEST TRANSACTION
control field 20220809085606.0
008 - FIXED-LENGTH DATA ELEMENTS--GENERAL INFORMATION
fixed length control field 210706s2022 nyu b 000 1 eng
010 ## - LIBRARY OF CONGRESS CONTROL NUMBER
LC control number 2021032441
020 ## - INTERNATIONAL STANDARD BOOK NUMBER
International Standard Book Number 9780593321201 : HRD
Terms of availability 28.00
020 ## - INTERNATIONAL STANDARD BOOK NUMBER
International Standard Book Number 0593321200 : HRD
Terms of availability 28.00
Qualifying information (hardcover)
-- (trade paperback)
Cancelled/invalid ISBN 9780593321218
Qualifying information (ebook)
037 ## - SOURCE OF ACQUISITION
Source of stock number/acquisition Random House Inc, Attn Order Entry 400 Hahn rd, Westminster, MD, USA, 21157
Note SAN 201-3975
040 ## - CATALOGING SOURCE
Original cataloging agency DLC
Language of cataloging eng
Description conventions rda
Transcribing agency DLC
Modifying agency IMmBT
-- NjBwBT
050 00 - LIBRARY OF CONGRESS CALL NUMBER
Classification number PS3626.E95
Item number T66 2022
082 00 - DEWEY DECIMAL CLASSIFICATION NUMBER
Classification number 813/.6
Edition number 23
092 ## - LOCALLY ASSIGNED DEWEY CALL NUMBER (OCLC)
Classification number 813.6000
100 1# - MAIN ENTRY--PERSONAL NAME
Personal name Zevin, Gabrielle,
Relator term author.
9 (RLIN) 52601
245 10 - TITLE STATEMENT
Title Tomorrow, and tomorrow, and tomorrow /
Statement of responsibility, etc Gabrielle Zevin.
250 ## - EDITION STATEMENT
Edition statement First edition.
264 #1 - Production, Publication, Distribution, Manufacture, and Copyright Notice.
Place of production, publication, distribution, manufacture New York :
Name of producer, publisher, distributor, manufacturer Alfred A. Knopf,
Date of production, publication, distribution, manufacture, or copyr 2022.
300 ## - PHYSICAL DESCRIPTION
Extent 401 pages ;
Dimensions 25 cm
336 ## - Content Type
Content type term text
337 ## - Media type
Media type term unmediated
338 ## - Carrier type
Carrier type term volume
504 ## - BIBLIOGRAPHY, ETC. NOTE
Bibliography, etc Includes bibliographical references (pages 399-401).
520 ## - SUMMARY, ETC.
Summary, etc "A modern love story about two childhood friends, Sam, raised by an actress mother in LA's Koreatown, and Sadie, from the wealthy Jewish enclave of Beverly Hills, who reunite as adults to create video games, finding an intimacy in digital worlds that eludes them in their real lives, from the New York Times best-selling author of The Storied Life of A.J. Fikry"--
-- Provided by publisher.
650 #0 - SUBJECT ADDED ENTRY--TOPICAL TERM
Topical term or geographic name as entry element Video games
Form subdivision Fiction.
9 (RLIN) 5684848
650 #0 - SUBJECT ADDED ENTRY--TOPICAL TERM
Topical term or geographic name as entry element Friendship
Form subdivision Fiction.
9 (RLIN) 5673769
650 #0 - SUBJECT ADDED ENTRY--TOPICAL TERM
Topical term or geographic name as entry element Man-woman relationships
Form subdivision Fiction.
9 (RLIN) 5674079
776 08 - ADDITIONAL PHYSICAL FORM ENTRY
Display text Online version:
776 08 - ADDITIONAL PHYSICAL FORM ENTRY
Main entry heading Zevin, Gabrielle.
Title Tomorrow, and tomorrow, and tomorrow
Place, publisher, and date of publication New York : Alfred A. Knopf, 2022
International Standard Book Number 9780593321218
Record control number (DLC) 2021032442
Holdings
Withdrawn status Lost status Source of classification or shelving scheme Damaged status Not for loan Collection code Home library Current library Shelving location Date acquired Source of acquisition Total Checkouts Total Renewals Full call number Barcode Date last seen Date checked out Cost, replacement price Price effective from Koha item type
    Dewey Decimal Classification     Fiction Wasatch County Library Wasatch County Library First Floor 07/15/2022 Micromarketing 31 21 F Zevin 34301001892860 02/11/2026 12/16/2025 28.00 07/15/2022 BOOK
    Dewey Decimal Classification     Fiction Wasatch County Library Wasatch County Library First Floor 04/17/2023 Amazon 14 20 F Zevin 34301002013995 08/11/2025 07/23/2025 28.00 04/17/2023 BOOK
This project was made possible through a grant from the Institute of Museum and Library Service administered by the Utah State Library Division.

Wasatch County Library

  • 465 East 1200 South, Heber City, Utah 84032
  • Phone 435-654-1511 | Fax 435-654-6456

Hours

  • Monday - Friday 9:30 AM - 8:00 PM
  • Saturday 9:30 AM - 1:30 PM
  • Closed Sundays and Holidays